Chăm lo xây dựng đội ngũ cán bộ quản lý giáo dục và giáo viên /
Những tiến bộ trong công tác xây dựng Đảng ở một huyện nghèo phía nam tỉnh Lâm Đồng là tiền đề cho nhiệm vụ phát triển kinh tế - xã hội, ổn định chính trị, xây dựng đời sống văn hoá, xoá đói giảm nghèo.
Đã lưu trong:
| 主要作者: | |
|---|---|
| 格式: | Bài viết |
| 語言: | Vietnamese |
| 主題: | |
| 標簽: |
添加標簽
沒有標簽, 成為第一個標記此記錄!
|
| Thư viện lưu trữ: | Thư viện Trường Đại học Đà Lạt |
|---|
| LEADER | 01162nam a2200265 4500 | ||
|---|---|---|---|
| 001 | DLU020020313 | ||
| 008 | ##021209c v vn fd rl001 m vie d | ||
| 040 | # | # | |a DLU |b vie |
| 041 | # | # | |a vie |
| 100 | # | # | |a Nguyên Hưng |
| 245 | # | # | |a Chăm lo xây dựng đội ngũ cán bộ quản lý giáo dục và giáo viên / |c Nguyên Hưng |
| 520 | # | # | |a Những tiến bộ trong công tác xây dựng Đảng ở một huyện nghèo phía nam tỉnh Lâm Đồng là tiền đề cho nhiệm vụ phát triển kinh tế - xã hội, ổn định chính trị, xây dựng đời sống văn hoá, xoá đói giảm nghèo. |
| 520 | # | # | |a Thành quả của sự nghiệp giáo dục và đào tạo. Tỉnh uỷ có nghị quyết-kế hoạch về xây dựng các tổ chức đảng trong trường học năm 2002, có số liệu dẫn chứng. |
| 651 | # | # | |a Lâm Đồng |
| 653 | # | # | |a Giáo dục |
| 773 | # | # | |t Lâm Đồng |g 2002, ngày 14 tháng 11, tr. 4 |
| 933 | # | # | |a 310LD |
| 994 | # | # | |a DLU |
| 900 | # | # | |a True |
| 911 | # | # | |a Phan Ngọc Đông |
| 925 | # | # | |a G |
| 926 | # | # | |a A |
| 927 | # | # | |a BB |
| 980 | # | # | |a Thư viện Trường Đại học Đà Lạt |